[Event "DVM U14 2023"]
[Site "Magdeburg GER"]
[Date "2023.12.28"]
[Round "3"]
[White "Mohebbi, Sam"]
[Black "Pham, Jacky"]
[Result "1-0"]
[Termination "normal"]
[Board "1.4"]
[WhiteElo "1567"]
[BlackElo "1336"]
[WhiteClock "01:05:36"]
[BlackClock "00:54:47"]
[WhiteTeam "SG Porz"]
[BlackTeam "USC Magdeburg"]
[PlyCount "99"]
[WhiteFideId "34607293"]
[BlackFideId "34611606"]
[EventCountry "GER"]
[EventRounds "7"]
[EventType "team-swiss"]
[EventDate "2023.12.26"]

1. e4 {[%clk 01:30:57]} {[%emt 00:00:02]} c5 {[%clk 01:30:52]} {[%emt
00:00:09]} 2. Nf3 {[%clk 01:30:48]} {[%emt 00:00:38]} e6 {[%clk 01:31:12]}
{[%emt 00:00:10]} 3. d4 {[%clk 01:30:44]} {[%emt 00:00:35]} cxd4 {[%clk
01:31:28]} {[%emt 00:00:14]} 4. Nxd4 {[%clk 01:31:04]} {[%emt 00:00:10]} Nf6
{[%clk 01:31:46]} {[%emt 00:00:11]} 5. Nc3 {[%clk 01:30:18]} {[%emt 00:01:16]}
Nc6 {[%clk 01:32:04]} {[%emt 00:00:13]} 6. Be2 {[%clk 01:28:39]} {[%emt
00:02:09]} Bb4 {[%clk 01:31:08]} {[%emt 00:01:25]} 7. Qd3 {[%clk 01:25:30]}
{[%emt 00:03:39]} d5 {[%clk 01:25:45]} {[%emt 00:05:53]} 8. Nxc6 {[%clk
01:23:51]} {[%emt 00:02:10]} bxc6 {[%clk 01:26:02]} {[%emt 00:00:13]} 9. exd5
{[%clk 01:22:15]} {[%emt 00:02:06]} Bxc3+ {[%clk 01:24:56]} {[%emt 00:01:36]}
10. Qxc3 {[%clk 01:21:26]} {[%emt 00:01:19]} cxd5 {[%clk 01:25:15]} {[%emt
00:00:11]} 11. Qg3 {[%clk 01:19:26]} {[%emt 00:02:29]} Rg8 {[%clk 01:23:41]}
{[%emt 00:02:05]} 12. Bg5 {[%clk 01:15:48]} {[%emt 00:04:08]} h6 {[%clk
01:20:45]} {[%emt 00:03:26]} 13. Bb5+ {[%clk 01:14:48]} {[%emt 00:01:30]} Bd7
{[%clk 01:20:42]} {[%emt 00:00:33]} 14. Bxd7+ {[%clk 01:14:47]} {[%emt
00:00:31]} Kxd7 {[%clk 01:20:32]} {[%emt 00:00:40]} 15. Bxf6 {[%clk 01:11:43]}
{[%emt 00:03:34]} Qxf6 {[%clk 01:19:12]} {[%emt 00:01:49]} 16. O-O {[%clk
01:11:50]} {[%emt 00:00:23]} Rab8 {[%clk 01:18:25]} {[%emt 00:01:15]} 17. b3
{[%clk 01:10:17]} {[%emt 00:02:06]} Rbc8 {[%clk 01:16:32]} {[%emt 00:02:22]}
18. c4 {[%clk 01:09:41]} {[%emt 00:01:07]} d4 {[%clk 01:16:43]} {[%emt
00:00:18]} 19. Rad1 {[%clk 01:06:56]} {[%emt 00:03:15]} Rcd8 {[%clk 01:11:45]}
{[%emt 00:05:27]} 20. Qg4 {[%clk 01:05:38]} {[%emt 00:01:49]} Ke7 {[%clk
01:10:30]} {[%emt 00:01:44]} 21. Qe4 {[%clk 01:05:04]} {[%emt 00:01:04]} Rge8
{[%clk 01:09:54]} {[%emt 00:01:07]} 22. Qb7+ {[%clk 01:04:27]} {[%emt
00:01:09]} Rd7 {[%clk 01:10:10]} {[%emt 00:00:11]} 23. Qb4+ {[%clk 01:04:47]}
{[%emt 00:00:11]} Kd8 {[%clk 01:10:25]} {[%emt 00:00:12]} 24. c5 {[%clk
01:04:57]} {[%emt 00:00:24]} e5 {[%clk 01:09:39]} {[%emt 00:01:16]} 25. Rfe1
{[%clk 01:02:52]} {[%emt 00:02:34]} Qc6 {[%clk 01:09:40]} {[%emt 00:00:27]} 26.
Rxe5 {[%clk 01:01:41]} {[%emt 00:01:43]} Rxe5 {[%clk 01:06:04]} {[%emt
00:04:06]} 27. Qb8+ {[%clk 01:01:59]} {[%emt 00:00:13]} Ke7 {[%clk 01:05:10]}
{[%emt 00:01:22]} 28. Qxe5+ {[%clk 01:02:11]} {[%emt 00:00:19]} Qe6 {[%clk
01:04:52]} {[%emt 00:00:48]} 29. Qxg7 {[%clk 01:02:23]} {[%emt 00:00:19]} d3
{[%clk 01:04:50]} {[%emt 00:00:32]} 30. Qc3 {[%clk 01:02:15]} {[%emt 00:00:38]}
d2 {[%clk 01:04:57]} {[%emt 00:00:23]} 31. Qe3 {[%clk 01:02:24]} {[%emt
00:00:21]} Qxe3 {[%clk 00:57:50]} {[%emt 00:07:37]} 32. fxe3 {[%clk 01:02:49]}
{[%emt 00:00:05]} Rc7 {[%clk 00:55:52]} {[%emt 00:02:28]} 33. b4 {[%clk
01:03:08]} {[%emt 00:00:11]} a5 {[%clk 00:55:50]} {[%emt 00:00:32]} 34. a3
{[%clk 01:03:10]} {[%emt 00:00:28]} axb4 {[%clk 00:55:49]} {[%emt 00:00:31]}
35. axb4 {[%clk 01:03:32]} {[%emt 00:00:08]} Rb7 {[%clk 00:55:17]} {[%emt
00:01:02]} 36. Rxd2 {[%clk 01:03:53]} {[%emt 00:00:09]} Rxb4 {[%clk 00:55:25]}
{[%emt 00:00:21]} 37. Rd6 {[%clk 01:03:46]} {[%emt 00:00:38]} Rc4 {[%clk
00:55:06]} {[%emt 00:00:49]} 38. Rxh6 {[%clk 01:03:58]} {[%emt 00:00:18]} Rxc5
{[%clk 00:55:24]} {[%emt 00:00:11]} 39. Kf2 {[%clk 01:04:15]} {[%emt 00:00:13]}
Rf5+ {[%clk 00:55:23]} {[%emt 00:00:32]} 40. Ke2 {[%clk 01:04:12]} {[%emt
00:00:32]} Ra5 {[%clk 00:55:15]} {[%emt 00:00:38]} 41. g4 {[%clk 01:04:29]}
{[%emt 00:00:14]} Kf8 {[%clk 00:54:51]} {[%emt 00:00:54]} 42. Kf3 {[%clk
01:02:58]} {[%emt 00:02:00]} Kg7 {[%clk 00:55:04]} {[%emt 00:00:17]} 43. Rh5
{[%clk 01:03:07]} {[%emt 00:00:22]} Rxh5 {[%clk 00:55:03]} {[%emt 00:00:30]}
44. gxh5 {[%clk 01:03:31]} {[%emt 00:00:06]} Kf6 {[%clk 00:54:25]} {[%emt
00:01:09]} 45. Kf4 {[%clk 01:03:48]} {[%emt 00:00:13]} Kg7 {[%clk 00:54:23]}
{[%emt 00:00:30]} 46. Kf5 {[%clk 01:04:12]} {[%emt 00:00:07]} Kg8 {[%clk
00:54:01]} {[%emt 00:00:52]} 47. Kf6 {[%clk 01:04:34]} {[%emt 00:00:09]} Kf8
{[%clk 00:54:15]} {[%emt 00:00:16]} 48. h6 {[%clk 01:04:53]} {[%emt 00:00:11]}
Kg8 {[%clk 00:54:33]} {[%emt 00:00:11]} 49. h7+ {[%clk 01:05:09]} {[%emt
00:00:14]} Kxh7 {[%clk 00:54:47]} {[%emt 00:00:16]} 50. Kxf7 {[%clk 01:05:36]}
{[%emt 00:00:04]} 1-0

[Event "DVM U14 2023"]
[Site "Magdeburg GER"]
[Date "2023.12.28"]
[Round "3"]
[White "Sauer, Tim"]
[Black "Sommer, Justus"]
[Result "1/2-1/2"]
[Termination "normal"]
[Board "2.1"]
[WhiteElo "2155"]
[BlackElo "2108"]
[WhiteClock "00:01:25"]
[BlackClock "00:08:08"]
[WhiteTeam "Schachzentrum Bemerode"]
[BlackTeam "Lübecker SV 1873"]
[PlyCount "67"]
[WhiteFideId "16265726"]
[BlackFideId "16245008"]
[EventCountry "GER"]
[EventRounds "7"]
[EventType "team-swiss"]
[EventDate "2023.12.26"]

1. d4 {[%clk 01:30:57]} {[%emt 00:00:02]} d5 {[%clk 01:30:51]} {[%emt
00:00:07]} 2. Nf3 {[%clk 01:31:21]} {[%emt 00:00:08]} Nf6 {[%clk 01:31:13]}
{[%emt 00:00:06]} 3. c4 {[%clk 01:31:46]} {[%emt 00:00:07]} e6 {[%clk
01:31:31]} {[%emt 00:00:09]} 4. g3 {[%clk 01:32:09]} {[%emt 00:00:10]} Bb4+
{[%clk 01:31:47]} {[%emt 00:00:13]} 5. Bd2 {[%clk 01:30:44]} {[%emt 00:01:57]}
Bd6 {[%clk 01:32:02]} {[%emt 00:00:14]} 6. Bg2 {[%clk 01:30:05]} {[%emt
00:01:10]} c6 {[%clk 01:31:47]} {[%emt 00:00:40]} 7. Qc2 {[%clk 01:29:30]}
{[%emt 00:01:09]} O-O {[%clk 01:30:43]} {[%emt 00:01:32]} 8. O-O {[%clk
01:29:52]} {[%emt 00:00:10]} Nbd7 {[%clk 01:29:26]} {[%emt 00:01:45]} 9. Bg5
{[%clk 00:57:07]} {[%emt 00:33:17]} h6 {[%clk 01:23:41]} {[%emt 00:06:15]} 10.
Bxf6 {[%clk 00:57:11]} {[%emt 00:00:27]} Qxf6 {[%clk 01:22:34]} {[%emt
00:01:36]} 11. Nc3 {[%clk 00:53:36]} {[%emt 00:04:05]} dxc4 {[%clk 01:13:57]}
{[%emt 00:09:07]} 12. Ne4 {[%clk 00:41:50]} {[%emt 00:12:16]} Qe7 {[%clk
01:13:43]} {[%emt 00:00:44]} 13. Nxd6 {[%clk 00:37:34]} {[%emt 00:04:47]} Qxd6
{[%clk 01:14:05]} {[%emt 00:00:06]} 14. Qxc4 {[%clk 00:37:43]} {[%emt
00:00:22]} e5 {[%clk 01:12:24]} {[%emt 00:02:10]} 15. Rfd1 {[%clk 00:31:54]}
{[%emt 00:06:20]} Re8 {[%clk 00:54:22]} {[%emt 00:18:32]} 16. dxe5 {[%clk
00:25:56]} {[%emt 00:06:29]} Nxe5 {[%clk 00:53:33]} {[%emt 00:01:18]} 17. Qc3
{[%clk 00:26:01]} {[%emt 00:00:24]} Nxf3+ {[%clk 00:53:48]} {[%emt 00:00:16]}
18. Bxf3 {[%clk 00:26:17]} {[%emt 00:00:14]} Qe7 {[%clk 00:52:37]} {[%emt
00:01:40]} 19. Rd4 {[%clk 00:19:46]} {[%emt 00:07:02]} Be6 {[%clk 00:50:41]}
{[%emt 00:02:24]} 20. Rad1 {[%clk 00:19:26]} {[%emt 00:00:52]} Rad8 {[%clk
00:49:16]} {[%emt 00:01:55]} 21. a3 {[%clk 00:18:18]} {[%emt 00:01:39]} Rxd4
{[%clk 00:43:11]} {[%emt 00:06:35]} 22. Qxd4 {[%clk 00:17:11]} {[%emt
00:01:37]} c5 {[%clk 00:37:41]} {[%emt 00:05:58]} 23. Qd3 {[%clk 00:07:32]}
{[%emt 00:10:10]} b6 {[%clk 00:36:22]} {[%emt 00:01:48]} 24. Kg2 {[%clk
00:04:21]} {[%emt 00:03:43]} g6 {[%clk 00:35:48]} {[%emt 00:01:03]} 25. h4
{[%clk 00:02:55]} {[%emt 00:01:56]} Bf5 {[%clk 00:35:02]} {[%emt 00:01:15]} 26.
Qb5 {[%clk 00:01:54]} {[%emt 00:01:31]} h5 {[%clk 00:29:50]} {[%emt 00:05:44]}
27. Rd2 {[%clk 00:01:00]} {[%emt 00:01:23]} Kg7 {[%clk 00:27:13]} {[%emt
00:03:06]} 28. a4 {[%clk 00:00:42]} {[%emt 00:00:49]} Rd8 {[%clk 00:25:18]}
{[%emt 00:02:24]} 29. Rxd8 {[%clk 00:01:02]} {[%emt 00:00:12]} Qxd8 {[%clk
00:25:42]} {[%emt 00:00:05]} 30. a5 {[%emt 00:00:47]} Qd7 {[%clk 00:18:03]}
{[%emt 00:08:08]} 31. Qc4 {[%clk 00:00:35]} {[%emt 00:00:41]} Be6 {[%clk
00:12:36]} {[%emt 00:05:58]} 32. Qc3+ {[%clk 00:00:41]} {[%emt 00:00:24]} Qd4
{[%clk 00:07:40]} {[%emt 00:05:25]} 33. Qxd4+ {[%clk 00:01:04]} {[%emt
00:00:08]} cxd4 {[%clk 00:08:08]} {[%emt 00:00:01]} 34. axb6 {[%clk 00:01:25]}
{[%emt 00:00:10]} 1/2-1/2

[Event "DVM U14 2023"]
[Site "Magdeburg GER"]
[Date "2023.12.28"]
[Round "3"]
[White "Malinowsky, Levi"]
[Black "Gärtner, Alessandro"]
[Result "1-0"]
[Termination "normal"]
[Board "2.2"]
[WhiteElo "2046"]
[BlackElo "1660"]
[WhiteClock "00:37:59"]
[BlackClock "00:18:43"]
[WhiteTeam "Lübecker SV 1873"]
[BlackTeam "Schachzentrum Bemerode"]
[PlyCount "97"]
[WhiteFideId "16253094"]
[BlackFideId "16268024"]
[EventCountry "GER"]
[EventRounds "7"]
[EventType "team-swiss"]
[EventDate "2023.12.26"]

1. e4 {[%clk 01:30:57]} {[%emt 00:00:03]} c6 {[%clk 01:30:34]} {[%emt
00:00:27]} 2. d4 {[%clk 01:31:16]} {[%emt 00:00:10]} d5 {[%clk 01:30:58]}
{[%emt 00:00:06]} 3. e5 {[%clk 01:31:39]} {[%emt 00:00:07]} c5 {[%clk
01:31:13]} {[%emt 00:00:16]} 4. dxc5 {[%clk 01:31:38]} {[%emt 00:00:30]} e6
{[%clk 01:31:35]} {[%emt 00:00:08]} 5. Nf3 {[%clk 01:31:44]} {[%emt 00:00:24]}
Bxc5 {[%clk 01:31:00]} {[%emt 00:01:06]} 6. Bd3 {[%clk 01:32:04]} {[%emt
00:00:09]} Ne7 {[%clk 01:22:05]} {[%emt 00:09:25]} 7. a3 {[%clk 01:31:06]}
{[%emt 00:01:29]} a5 {[%clk 01:18:45]} {[%emt 00:03:49]} 8. O-O {[%clk
01:28:43]} {[%emt 00:02:53]} Nbc6 {[%clk 01:11:58]} {[%emt 00:07:18]} 9. Re1
{[%clk 01:05:55]} {[%emt 00:23:17]} Ng6 {[%clk 01:06:04]} {[%emt 00:06:24]} 10.
Nbd2 {[%clk 01:02:45]} {[%emt 00:03:40]} Qb6 {[%clk 00:50:35]} {[%emt
00:15:59]} 11. Qe2 {[%clk 00:59:20]} {[%emt 00:03:55]} Nf4 {[%clk 00:41:25]}
{[%emt 00:09:40]} 12. Qf1 {[%clk 00:59:07]} {[%emt 00:00:43]} Nxd3 {[%clk
00:41:38]} {[%emt 00:00:18]} 13. cxd3 {[%clk 00:59:26]} {[%emt 00:00:10]} Bd7
{[%clk 00:39:55]} {[%emt 00:02:14]} 14. Qe2 {[%clk 00:56:45]} {[%emt 00:03:11]}
a4 {[%clk 00:31:10]} {[%emt 00:09:14]} 15. Nf1 {[%clk 00:52:28]} {[%emt
00:04:46]} O-O-O {[%clk 00:23:26]} {[%emt 00:08:15]} 16. Be3 {[%clk 00:50:54]}
{[%emt 00:02:03]} Bxe3 {[%clk 00:20:30]} {[%emt 00:03:27]} 17. Qxe3 {[%clk
00:47:52]} {[%emt 00:03:33]} Qxe3 {[%clk 00:19:03]} {[%emt 00:01:57]} 18. Nxe3
{[%clk 00:48:10]} {[%emt 00:00:11]} Kb8 {[%clk 00:18:38]} {[%emt 00:00:56]} 19.
Nc2 {[%clk 00:44:43]} {[%emt 00:03:56]} Rc8 {[%clk 00:14:53]} {[%emt 00:04:16]}
20. Nfd4 {[%clk 00:43:29]} {[%emt 00:01:43]} Na5 {[%clk 00:13:48]} {[%emt
00:01:36]} 21. Rac1 {[%clk 00:36:03]} {[%emt 00:07:55]} Rc5 {[%clk 00:11:24]}
{[%emt 00:02:54]} 22. Nb4 {[%clk 00:32:53]} {[%emt 00:03:40]} Rhc8 {[%clk
00:11:31]} {[%emt 00:00:23]} 23. Rxc5 {[%clk 00:32:54]} {[%emt 00:00:28]} Rxc5
{[%clk 00:11:59]} {[%emt 00:00:04]} 24. f4 {[%clk 00:31:38]} {[%emt 00:01:44]}
Kc7 {[%clk 00:09:11]} {[%emt 00:03:18]} 25. Kf2 {[%clk 00:30:36]} {[%emt
00:01:32]} Kd8 {[%clk 00:08:10]} {[%emt 00:01:32]} 26. Ke3 {[%clk 00:30:25]}
{[%emt 00:00:41]} Ke7 {[%clk 00:07:06]} {[%emt 00:01:33]} 27. g4 {[%clk
00:27:21]} {[%emt 00:03:34]} f6 {[%clk 00:05:18]} {[%emt 00:02:19]} 28. Kd2
{[%clk 00:25:54]} {[%emt 00:01:55]} Kf7 {[%clk 00:04:14]} {[%emt 00:01:36]} 29.
h4 {[%clk 00:24:02]} {[%emt 00:02:22]} Bc8 {[%clk 00:03:11]} {[%emt 00:01:33]}
30. h5 {[%clk 00:22:35]} {[%emt 00:01:56]} Bd7 {[%clk 00:02:43]} {[%emt
00:00:59]} 31. exf6 {[%clk 00:18:14]} {[%emt 00:04:52]} gxf6 {[%clk 00:02:42]}
{[%emt 00:00:30]} 32. g5 {[%clk 00:18:09]} {[%emt 00:00:34]} h6 {[%clk
00:00:45]} {[%emt 00:02:28]} 33. gxh6 {[%clk 00:16:45]} {[%emt 00:01:55]} Rc8
{[%clk 00:00:59]} {[%emt 00:00:15]} 34. f5 {[%clk 00:12:14]} {[%emt 00:05:01]}
e5 {[%clk 00:00:51]} {[%emt 00:00:38]} 35. Nxd5 {[%clk 00:12:43]} {[%emt
00:00:01]} Rc5 {[%clk 00:00:41]} {[%emt 00:00:40]} 36. Rg1 {[%clk 00:12:17]}
{[%emt 00:00:55]} exd4 {[%clk 00:00:34]} {[%emt 00:00:38]} 37. h7 {[%clk
00:11:52]} {[%emt 00:00:55]} Rc8 {[%clk 00:00:55]} {[%emt 00:00:09]} 38. h6
{[%clk 00:10:08]} {[%emt 00:02:14]} Bxf5 {[%clk 00:00:56]} {[%emt 00:00:30]}
39. Rg7+ {[%clk 00:09:49]} {[%emt 00:00:49]} Ke6 {[%clk 00:01:17]} {[%emt
00:00:09]} 40. Nc7+ {[%clk 00:09:45]} {[%emt 00:00:33]} Kd6 {[%clk 00:00:52]}
{[%emt 00:00:54]} 41. Rg8 {[%clk 00:08:55]} {[%emt 00:01:20]} Nb3+ {[%clk
00:25:05]} {[%emt 00:06:17]} 42. Ke1 {[%clk 00:38:17]} {[%emt 00:01:09]} Bxh7
{[%clk 00:22:34]} {[%emt 00:03:02]} 43. Rxc8 {[%clk 00:38:40]} {[%emt
00:00:06]} Bxd3 {[%clk 00:22:54]} {[%emt 00:00:10]} 44. Nb5+ {[%clk 00:37:44]}
{[%emt 00:01:26]} Ke5 {[%clk 00:19:16]} {[%emt 00:04:07]} 45. Rc7 {[%clk
00:37:13]} {[%emt 00:01:01]} Kf4 {[%clk 00:18:24]} {[%emt 00:01:22]} 46. h7
{[%clk 00:37:10]} {[%emt 00:00:33]} Bxh7 {[%clk 00:18:41]} {[%emt 00:00:14]}
47. Rxh7 {[%clk 00:37:33]} {[%emt 00:00:07]} Ke3 {[%clk 00:19:06]} {[%emt
00:00:05]} 48. Rh3+ {[%clk 00:37:47]} {[%emt 00:00:16]} Ke4 {[%clk 00:18:43]}
{[%emt 00:00:53]} 49. Nd6+ {[%clk 00:37:59]} {[%emt 00:00:16]} 1-0

[Event "DVM U14 2023"]
[Site "Magdeburg GER"]
[Date "2023.12.28"]
[Round "3"]
[White "Lavrov, Nikolay"]
[Black "Engel, Bruno"]
[Result "1/2-1/2"]
[Termination "normal"]
[Board "2.3"]
[WhiteElo "1607"]
[BlackElo "1987"]
[WhiteClock "00:03:48"]
[BlackClock "00:06:11"]
[WhiteTeam "Schachzentrum Bemerode"]
[BlackTeam "Lübecker SV 1873"]
[PlyCount "60"]
[WhiteFideId "34617701"]
[BlackFideId "34609008"]
[EventCountry "GER"]
[EventRounds "7"]
[EventType "team-swiss"]
[EventDate "2023.12.26"]

1. e4 {[%clk 01:30:59]} {[%emt 00:00:01]} e6 {[%clk 01:30:54]} {[%emt
00:00:06]} 2. d4 {[%clk 01:31:24]} {[%emt 00:00:05]} d5 {[%clk 01:31:20]}
{[%emt 00:00:04]} 3. Bd3 {[%clk 01:31:50]} {[%emt 00:00:04]} dxe4 {[%clk
01:31:43]} {[%emt 00:00:06]} 4. Bxe4 {[%clk 01:32:07]} {[%emt 00:00:14]} Nf6
{[%clk 01:32:07]} {[%emt 00:00:05]} 5. Bf3 {[%clk 01:32:29]} {[%emt 00:00:08]}
Nbd7 {[%clk 01:31:48]} {[%emt 00:00:50]} 6. Ne2 {[%clk 01:30:56]} {[%emt
00:02:04]} Bd6 {[%clk 01:27:38]} {[%emt 00:04:39]} 7. O-O {[%clk 01:27:35]}
{[%emt 00:03:51]} O-O {[%emt 00:02:46]} 8. Nbc3 {[%clk 01:25:50]} {[%emt
00:02:12]} e5 {[%emt 00:10:35]} 9. Be3 {[%emt 00:07:02]} e4 {[%clk 01:11:50]}
{[%emt 00:03:24]} 10. Bxe4 {[%clk 01:14:52]} {[%emt 00:05:32]} Nxe4 {[%clk
01:08:36]} {[%emt 00:03:44]} 11. Nxe4 {[%clk 01:13:48]} {[%emt 00:01:34]} Bxh2+
{[%clk 01:08:57]} {[%emt 00:00:08]} 12. Kxh2 {[%clk 01:13:55]} {[%emt
00:00:24]} Qh4+ {[%clk 01:09:22]} {[%emt 00:00:05]} 13. Kg1 {[%clk 01:13:59]}
{[%emt 00:00:25]} Qxe4 {[%clk 01:00:42]} {[%emt 00:02:20]} 14. Ng3 Qg6 15. Bf4
{[%clk 01:03:45]} {[%emt 00:18:34]} c6 {[%clk 00:57:53]} 16. Re1 {[%clk
01:00:00]} {[%emt 00:07:35]} Nf6 {[%clk 00:42:51]} 17. Qd2 {[%clk 00:41:10]}
{[%emt 00:34:52]} Be6 {[%clk 00:38:59]} 18. b3 {[%clk 00:37:56]} {[%emt
00:08:04]} Rad8 {[%clk 00:28:26]} 19. c4 {[%clk 00:30:23]} {[%emt 00:19:08]}
Rd7 {[%clk 00:26:29]} 20. Qc3 {[%clk 00:30:23]} Rb8 {[%clk 00:26:29]} 21. Rad1
{[%clk 00:30:23]} h6 {[%clk 00:26:29]} 22. Be5 {[%clk 00:30:23]} Ng4 {[%clk
00:26:29]} 23. Nf1 {[%clk 00:30:23]} Qg5 {[%clk 00:26:29]} 24. Ng3 {[%clk
00:13:16]} {[%emt 00:25:20]} Nxe5 {[%clk 00:22:30]} 25. Rxe5 {[%clk 00:13:16]}
Qxe5 {[%clk 00:22:30]} 26. dxe5 {[%clk 00:13:16]} Rxd1+ {[%clk 00:22:30]} 27.
Kh2 {[%clk 00:08:22]} {[%emt 00:22:38]} Rbd8 {[%clk 00:10:35]} 28. Ne2 {[%clk
00:06:11]} {[%emt 00:03:05]} R8d2 {[%clk 00:09:37]} {[%emt 00:01:27]} 29. Qe3
{[%clk 00:05:12]} {[%emt 00:01:28]} Rc2 {[%clk 00:07:38]} {[%emt 00:02:30]} 30.
Nd4 {[%clk 00:03:48]} {[%emt 00:01:54]} Rcd2 {[%clk 00:06:11]} {[%emt
00:01:56]} 1/2-1/2

[Event "DVM U14 2023"]
[Site "Magdeburg GER"]
[Date "2023.12.28"]
[Round "3"]
[White "Hellenbroich, Hanno"]
[Black "Niazai, Muhammad"]
[Result "1-0"]
[Termination "normal"]
[Board "2.4"]
[WhiteElo "1348"]
[BlackElo "1462"]
[WhiteClock "00:31:03"]
[BlackClock "00:13:08"]
[WhiteTeam "Lübecker SV 1873"]
[BlackTeam "Schachzentrum Bemerode"]
[PlyCount "57"]
[WhiteFideId "16270762"]
[BlackFideId "34681701"]
[EventCountry "GER"]
[EventRounds "7"]
[EventType "team-swiss"]
[EventDate "2023.12.26"]

1. e4 {[%clk 01:30:55]} {[%emt 00:00:04]} c5 {[%clk 01:30:56]} {[%emt
00:00:05]} 2. Nf3 {[%clk 01:31:06]} {[%emt 00:00:19]} Nc6 {[%clk 01:31:20]}
{[%emt 00:00:07]} 3. Bb5 {[%clk 01:31:14]} {[%emt 00:00:22]} d6 {[%clk
01:30:40]} {[%emt 00:01:10]} 4. O-O {[%clk 01:30:44]} {[%emt 00:01:00]} Bd7
{[%clk 01:30:55]} {[%emt 00:00:15]} 5. Nc3 {[%clk 01:30:58]} {[%emt 00:00:16]}
g6 {[%clk 01:31:01]} {[%emt 00:00:24]} 6. d4 {[%clk 01:31:12]} {[%emt
00:00:15]} cxd4 {[%clk 01:30:18]} {[%emt 00:01:14]} 7. Nxd4 {[%clk 01:31:32]}
{[%emt 00:00:10]} Bg7 {[%clk 01:30:21]} {[%emt 00:00:26]} 8. Be3 {[%clk
01:30:28]} {[%emt 00:01:33]} Nf6 {[%clk 01:27:36]} {[%emt 00:03:16]} 9. h3
{[%clk 01:28:56]} {[%emt 00:02:02]} O-O {[%clk 01:27:10]} {[%emt 00:00:56]} 10.
Bc4 {[%clk 01:27:41]} {[%emt 00:01:45]} a6 {[%clk 01:19:19]} {[%emt 00:08:21]}
11. a4 {[%clk 01:26:26]} {[%emt 00:01:45]} Rb8 {[%clk 01:16:47]} {[%emt
00:03:02]} 12. Ra2 {[%clk 01:05:28]} {[%emt 00:21:28]} Nxd4 {[%clk 01:10:19]}
{[%emt 00:06:58]} 13. Bxd4 {[%clk 01:05:48]} {[%emt 00:00:10]} b5 {[%clk
01:10:34]} {[%emt 00:00:15]} 14. axb5 {[%clk 01:05:14]} {[%emt 00:01:05]} axb5
{[%clk 01:10:23]} {[%emt 00:00:41]} 15. Bb3 {[%clk 01:05:08]} {[%emt 00:00:36]}
b4 {[%clk 01:09:44]} {[%emt 00:01:09]} 16. Nd5 {[%clk 01:05:10]} {[%emt
00:00:27]} e5 {[%clk 01:04:45]} {[%emt 00:05:28]} 17. Ba7 {[%clk 01:01:20]}
{[%emt 00:04:21]} Rb7 {[%clk 01:01:59]} {[%emt 00:03:15]} 18. Nxf6+ {[%clk
01:00:59]} {[%emt 00:00:52]} Qxf6 {[%clk 01:01:34]} {[%emt 00:00:54]} 19. Qd2
{[%clk 00:45:09]} {[%emt 00:16:20]} Bc6 {[%clk 00:57:52]} {[%emt 00:04:13]} 20.
f3 {[%clk 00:43:26]} {[%emt 00:02:12]} Ra8 {[%clk 00:47:17]} {[%emt 00:11:06]}
21. Be3 {[%clk 00:42:39]} {[%emt 00:01:16]} Qd8 {[%clk 00:42:01]} {[%emt
00:05:46]} 22. Rxa8 {[%clk 00:42:50]} {[%emt 00:00:20]} Qxa8 {[%clk 00:42:26]}
{[%emt 00:00:06]} 23. Qxd6 {[%clk 00:43:00]} {[%emt 00:00:19]} Rb8 {[%clk
00:38:14]} {[%emt 00:04:42]} 24. Rd1 {[%clk 00:40:25]} {[%emt 00:03:04]} Qb7
{[%clk 00:30:57]} {[%emt 00:07:49]} 25. Ra1 {[%clk 00:32:24]} {[%emt 00:08:30]}
Be8 {[%clk 00:22:37]} {[%emt 00:08:49]} 26. Ra7 {[%clk 00:31:19]} {[%emt
00:01:36]} Qc8 {[%clk 00:17:55]} {[%emt 00:05:12]} 27. Qe7 {[%clk 00:30:38]}
{[%emt 00:01:11]} Bf8 {[%clk 00:15:44]} {[%emt 00:02:35]} 28. Bxf7+ {[%clk
00:31:03]} {[%emt 00:00:12]} Kh8 {[%clk 00:13:08]} {[%emt 00:03:04]} 29. Qxf8#
{[%emt 00:00:11]} 1-0

[Event "DVM U14 2023"]
[Site "Magdeburg GER"]
[Date "2023.12.28"]
[Round "3"]
[White "Nguyen, Leon"]
[Black "Smith, Tobias"]
[Result "0-1"]
[Termination "normal"]
[Board "3.2"]
[WhiteElo "1750"]
[BlackElo "1655"]
[WhiteClock "01:20:53"]
[BlackClock "01:09:33"]
[WhiteTeam "SF München"]
[BlackTeam "TSG Oberschöneweide"]
[PlyCount "20"]
[WhiteFideId "34645667"]
[BlackFideId "16254228"]
[EventCountry "GER"]
[EventRounds "7"]
[EventType "team-swiss"]
[EventDate "2023.12.26"]

1. d4 {[%clk 01:30:57]} {[%emt 00:00:02]} d5 {[%clk 01:30:55]} {[%emt
00:00:05]} 2. c4 {[%clk 01:31:23]} {[%emt 00:00:05]} dxc4 {[%clk 01:31:21]}
{[%emt 00:00:05]} 3. e4 {[%clk 01:31:45]} {[%emt 00:00:07]} e5 {[%clk
01:31:32]} {[%emt 00:00:18]} 4. d5 {[%clk 01:32:00]} {[%emt 00:00:16]} Nf6
{[%clk 01:30:48]} {[%emt 00:01:14]} 5. Nc3 {[%clk 01:32:11]} c6 {[%clk
01:27:27]} {[%emt 00:04:10]} 6. Bxc4 {[%clk 01:32:14]} Bb4 {[%clk 01:23:19]}
{[%emt 00:05:06]} 7. Bg5 {[%clk 01:31:53]} Bxc3+ {[%clk 01:23:19]} 8. bxc3
{[%clk 01:31:53]} Qa5 {[%clk 01:20:13]} {[%emt 00:05:09]} 9. Rc1 {[%clk
01:20:40]} Nxe4 {[%clk 01:19:17]} {[%emt 00:13:27]} 10. Be3 {[%clk 01:20:53]}
O-O {[%clk 01:09:33]} {[%emt 00:10:29]} 0-1